| 000 | 00602cam1a220020500 4500 | ||
|---|---|---|---|
| 001 | tmp15345903 | ||
| 003 | UPRA | ||
| 005 | 20190819083633.0 | ||
| 008 | 950801s1973 fr fre u | ||
| 035 | _a(Sirsi) r84451 | ||
| 035 | _a(UPRA)tmp15345903 | ||
| 040 | _cUPRA | ||
| 100 | 2 |
_aMallet-Joris, Francoise, 1930- _dMallet-Joris, Francoise, 1930- _6A44309.1 |
|
| 245 | 1 | 3 | _aLa chambre rouge. |
| 260 |
_a[Paris : _bEditions j'ai lu, _c1973] |
||
| 440 | 0 |
_aJ'ai lu ; _v301 _6S7288.1 |
|
| 500 | _aFirst published in 1955. | ||
| 949 |
_aPQ2625.A7124 _wlcc _i-117428 _mMAIN _tBOOK _lON-SHELF |
||
| 004 | 84451 | ||
| 999 |
_c93848 _d93848 |
||